Los mosqueteros grises (Record no. 165262)
[ view plain ]
| 000 -LEADER | |
|---|---|
| campo de control de longitud fija | 01020nam a22002175i 4500 |
| 001 - NÚMERO DE CONTROL | |
| campo de control | 165262 |
| 003 - IDENTIFICADOR DE NÚMERO DE CONTROL | |
| campo de control | ES-MaACL |
| 005 - FECHA Y HORA DE LA ÚLTIMA TRANSACCIÓN | |
| campo de control | 20230906213111.0 |
| 008 - DATOS DE LONGITUD FIJA--INFORMACIÓN GENERAL | |
| campo de control de longitud fija | 010814s1881 sp |||| | spa d |
| 040 ## - FUENTE DE CATALOGACIÓN | |
| Centro catalogador/agencia de origen | AR |
| Lengua de catalogación | spa |
| Centro/agencia transcriptor | AR |
| 100 1# - ENTRADA PRINCIPAL--NOMBRE DE PERSONA | |
| Nombre de persona | Serrat y Weyler, Fernando. |
| 9 (RLIN) | 105819 |
| 245 14 - MENCIÓN DEL TÍTULO | |
| Título | Los mosqueteros grises |
| Resto del título | : zarzuela en tres actos y en prosa, arreglada a la escena española / |
| Mención de responsabilidad, etc. | por F. Serrat y Weyler y Juan M. Casademunt ; música de Luis Varney. |
| 260 ## - PUBLICACIÓN, DISTRIBUCIÓN, ETC. | |
| Lugar de publicación, distribución, etc. | Madrid : |
| Nombre del editor, distribuidor, etc. | [Administración Lírico-Dramática], |
| Fecha de publicación, distribución, etc. | 1881 ( |
| Fabricante | José Rodríguez) |
| 300 ## - DESCRIPCIÓN FÍSICA | |
| Extensión | 82 p ; |
| Dimensiones | 19 cm. |
| 500 ## - NOTA GENERAL | |
| Nota general | Representada en el Teatro Español de Barcelona el 24 de agosto de 1881 y en el Teatro-Crico de Price de Madrid, el 17 de noviembre del mismo año. |
| 500 ## - NOTA GENERAL | |
| Nota general | Solo la letra. |
| 596 ## - NOTA AL PIE DE IMPRENTA | |
| NOTA AL PIE DE IMPRENTA | Edic.: el dato de ed. consta en la cub. |
| 700 1# - ENTRADA AGREGADA--NOMBRE PERSONAL | |
| Nombre de persona | Casademunt, Juan M. |
| 9 (RLIN) | 35999 |
| 700 1# - ENTRADA AGREGADA--NOMBRE PERSONAL | |
| Nombre de persona | Varney, Louis. |
| 9 (RLIN) | 133562 |
| 852 ## - LOCALIZACIÓN | |
| Ubicación | ES-MaACL |
| Número de control de estantería | D-2525(12) |
| Nota libre | -- Enc. hol., conservando la cub. original |
| -- | -- Legado de Modesto de la Fuente |
| Estatus retirado | Estado de pérdida | Estado de daño | No para préstamo | Colección | Biblioteca de origen | Biblioteca actual | Ubicación en estantería | Fecha de adquisición | Fuente de adquisición | Total de préstamos | Signatura topográfica completa | Código de barras | Visto por última vez | Precio de reemplazo | Tipo de ítem Koha |
|---|---|---|---|---|---|---|---|---|---|---|---|---|---|---|---|
| Libros del s. XIX | Biblioteca del Ateneo de Madrid | Biblioteca del Ateneo de Madrid | Sala Valle Inclán | 17/01/2008 | D-2525(12) | 901173296 | 23/02/2023 | 23/02/2023 | Libro impreso antiguo |
